MATMAT - S2 - CHAUX - Statistiques

Statistiques générales
  • Ce quiz a été pris 68 fois
  • Le résultat moyen est 2 sur 5
Statistiques - réponses
Question Réponse % Correct
Quelle forme de chaux durcit uniquement à l'air ? Chaux aérienne
100%
Quel est l’indice d’hydraulicité d’une chaux aérienne ? < 0,1
80%
Quelle forme de chaux peut durcir sous l’eau ? Chaux hydraulique
78%
Quelle est la température approximative de calcination du calcaire ? 900°C
50%
Quelle est la principale composition chimique de la chaux vive ? CaO
50%
Quel type de chaux est désigné par CL 90 selon la norme ? Chaux calcique
33%
Quelle est la teneur en argile d’une chaux hydraulique ? 8–22 %
25%
Quelle est la principale limite des additions pouzzolaniques ? Faible résistance initiale
25%
Quelle est la principale caractéristique du lait de chaux ? Suspension de Ca(OH)₂
25%
Quelle forme de chaux est utilisée pour les stucs et fresques ? Chaux aérienne
20%
Quelle est la bonne désignation d’une chaux hydraulique avec une résistance de 3,5 à 10 MPa ? NHL 3,5
20%
Quelle est la principale utilisation de la chaux pour le traitement des sols ? Floculation et portance
17%
Quelle est la réaction chimique de calcination du calcaire ? CaCO₃ → CaO + CO₂
0%
Quelle est la réaction chimique de l’extinction de la chaux vive ? CaO + H₂O → Ca(OH)₂
0%
Quelle addition pouzzolanique est naturelle ? Gaize
0%
Aucun quiz correspondant
Distribution des résultats
% des personnes avec chaque résultat
Percentile par nombre de réponses
Votre historique - résultats
Vous n’avez pas pris ce quiz